| 000 | 00855nam a22002177a 4500 | ||
|---|---|---|---|
| 999 |
_c18977 _d18977 |
||
| 008 | 240207b ||||| |||| 00| 0 eng d | ||
| 020 | _a9789719815679 | ||
| 082 |
_22021 _aDFil 613.7 _bM319 |
||
| 100 |
_aManuel, Regine D. _951751 |
||
| 245 |
_aRecreation for life : _bhealth-optimizing physical education for senior high school / _cRegine D. Manuel and two others, Jerome A. Porto; coordinator. |
||
| 250 | _aRevised edition. | ||
| 260 |
_aQuezon City : _bC&E Publishing, Inc., _c©2021. |
||
| 300 |
_avii, 141 pages : _billustrations ; _c26 cm. |
||
| 500 | _aIncludes glossary, references, and index. | ||
| 650 |
_aPhysical education. _951826 |
||
| 650 |
_aGames. _951827 |
||
| 700 |
_aLozada, Al Denn John B. _eauthor. _951752 |
||
| 700 |
_aRubio, Prescia S. _eauthor. _951753 |
||
| 700 |
_aPorto, Jerome A. _ecoordinator. _950530 |
||
| 942 |
_2ddc _cDFIL |
||